Semiótica para principiantes /

Las palabras están articuladas por dos componentes: uno material (sonido, escritura, etc.) y otro mental (el concepto o la idea que ese componente material representa). Juntos, significado y significante –así se los llama a cada uno– forman signos. La Semiótica es la ciencia que los estudia. Semióti...

Full description

Bibliographic Details
Main Author: Cobley, Paul 1963-
Other Authors: Jansz, Litza
Format: Libro
Language:Spanish
Published: Buenos Aires Era Naciente 2010
Series:Para principiantes 78
Subjects:
Online Access:

MARC

LEADER 00000cam a2200000 a 4500
001 000929
003 UAHC_CL
005 20170803115703.0
008 120530s2010 ag 000 spa
020 |a 9789879065846 
040 |a UAHC_CL  |c UAHC_CL  |d UAHC_CL 
082 0 4 |a 121.68  |b C656  |2 20 
100 1 |a Cobley, Paul  |d 1963- 
245 1 0 |a Semiótica para principiantes /  |c Paul Cobley, Litza Jansz. 
260 |b Era Naciente  |a Buenos Aires  |c 2010 
300 |a 160 p. 
490 0 |a Para principiantes  |v 78 
520 |a Las palabras están articuladas por dos componentes: uno material (sonido, escritura, etc.) y otro mental (el concepto o la idea que ese componente material representa). Juntos, significado y significante –así se los llama a cada uno– forman signos. La Semiótica es la ciencia que los estudia. Semiótica para Principiantes acompaña el desarrollo del estudio de los signos, desde sus precursores hasta el Postestructuralismo de Jacques Derrida y Julia Kristeva y el Posmodernismo de Jean Baudrillard. Esta obra explica los simples conceptos que se ocultan detrás de términos difíciles. 
650 4 |a SEMIOTICA 
700 1 |a Jansz, Litza 
900 |a 121.68 COB 
942 |c BK 
952 |0 0  |1 0  |4 0  |6 121_680000000000000_COB  |7 0  |8 Referencia  |9 1964  |a BC  |b BC  |c Referencia  |d 2017-08-03  |l 9  |m 6  |o 121.68 COB  |p 1400614  |r 2025-11-25 00:00:00  |s 2024-11-04  |t 1  |w 2017-08-03  |y BK 
952 |0 0  |1 0  |4 0  |6 121_680000000000000_COB  |7 0  |8 Referencia  |9 1965  |a BR  |b BR  |c General  |d 2017-08-03  |l 1  |o 121.68 COB  |p 1400615  |r 2025-02-28 00:00:00  |s 2018-12-14  |t 2  |w 2017-08-03  |y BK 
952 |0 0  |1 0  |4 0  |6 121_680000000000000_COB  |7 0  |8 General  |9 1966  |a BR  |b BR  |c General  |d 2017-08-03  |o 121.68 COB  |p 1421273  |r 2026-01-14 00:00:00  |t 1  |w 2017-08-03  |y BK 
952 |0 0  |1 0  |4 0  |6 121_680000000000000_COB  |7 0  |8 General  |9 1967  |a BS  |b BS  |c General  |d 2017-08-03  |l 3  |m 3  |o 121.68 COB  |p 1421274  |r 2025-11-26 00:00:00  |s 2025-09-04  |t 1  |w 2017-08-03  |x TEXTO CON MANCHAS DE CAFÉ.  |y BK 
999 |c 929  |d 929